| 000 | 01013nam a22003371i 4500 | ||
|---|---|---|---|
| 999 |
_c27086 _d27058 |
||
| 001 | 015453020 | ||
| 003 | Uk | ||
| 005 | 20190207102525.0 | ||
| 008 | 091221s2010 enk 001 0 eng|d | ||
| 015 |
_aGBB000405 _2bnb |
||
| 016 | 7 |
_a015453020 _2Uk |
|
| 020 |
_a9780273728221 (pbk.) : _cNo price |
||
| 020 | _a0273728229 (pbk.) : | ||
| 040 |
_aStDuBDS _beng _cStDuBDS _dUk |
||
| 082 | 0 | 4 |
_a302.35 _222 _bHUC |
| 100 | 1 | _aHuczynski, Andrzej. | |
| 245 | 1 | 0 |
_aOrganizational behaviour / _cAndrzej A. Huczynski, David A. Buchanan. |
| 250 | _a7th edition. | ||
| 264 |
_aHarlow, UK : _bPearson Prentice-Hall; _c2010. |
||
| 300 |
_a1 volume ; _c27 cm. |
||
| 336 |
_atext _2rdacontent |
||
| 337 |
_aunmediated _2rdamedia |
||
| 338 |
_avolume _2rdacarrier |
||
| 500 | _aPrevious ed.: 2007. | ||
| 500 |
_aFormerly CIP. _5Uk |
||
| 504 | _aIncludes bibliographical references and index. | ||
| 650 | 7 |
_aOrganizational behavior. _2BUEsh |
|
| 653 | _cFebruary2019 | ||
| 700 | 1 | _aBuchanan, David A. | |
| 942 |
_2ddc _cBB |
||